Process systems analysis and control (Record no. 13575)

000 -LEADER
fixed length control field 00578nam a22002051 4500
001 - CONTROL NUMBER
control field 13575
003 - CONTROL NUMBER IDENTIFIER
control field BD-DhUET
008 - FIXED-LENGTH DATA ELEMENTS--GENERAL INFORMATION
fixed length control field 730306s1965 nyua b 000 0 eng
040 ## - CATALOGING SOURCE
Original cataloging agency DLC
Transcribing agency DLC
Modifying agency BD-DhUET
082 ## - DEWEY DECIMAL CLASSIFICATION NUMBER
Classification number 660.284
Item number COU/1965
100 1# - MAIN ENTRY--PERSONAL NAME
Personal name Coughanowr, Donald R.
245 10 - TITLE STATEMENT
Title Process systems analysis and control
250 ## - EDITION STATEMENT
Edition statement 1st ed.
260 ## - PUBLICATION, DISTRIBUTION, ETC. (IMPRINT)
Place of publication, distribution, etc. New York
Name of publisher, distributor, etc. McGraw-Hill
Date of publication, distribution, etc. 1965
300 ## - PHYSICAL DESCRIPTION
Extent xii, 491 p.
Other physical details ill.
Dimensions 21 cm.
490 ## - SERIES STATEMENT
Series statement McGraw-Hill chemical engineering series
650 #0 - SUBJECT ADDED ENTRY--TOPICAL TERM
Topical term or geographic name as entry element Control devices process engineering
700 ## - ADDED ENTRY--PERSONAL NAME
Personal name Koppel, Lowell B.
942 ## - ADDED ENTRY ELEMENTS (KOHA)
Koha item type General Book
Holdings
Damaged status Koha date last seen Koha issues (times borrowed) Copy number Price effective from Sublocation or collection (holding branch) Not for loan Source of classification or shelving scheme Date acquired Piece designation (barcode) Koha date last borrowed Koha item type Location (home branch) Withdrawn status Shelving location Koha normalized classification for sorting Lost status Koha full call number
 2015-03-03 12015-03-03Central Library, BUET  2015-03-0329699 General BookCentral Library, BUET Circulation section660_284000000000000_COU_1965 660.284/COU/1965
 2017-05-09122015-03-03Central Library, BUET  2015-03-03296892017-05-09General BookCentral Library, BUET Circulation section660_284000000000000_COU_1965 660.284/COU/1965
 2015-03-03 32015-03-03Central Library, BUET  2015-03-0329697 General BookCentral Library, BUET Circulation section660_284000000000000_COU_1965 660.284/COU/1965
 2015-03-03 42015-03-03Central Library, BUET  2015-03-0329692 General BookCentral Library, BUET Circulation section660_284000000000000_COU_1965 660.284/COU/1965
 2015-03-03 52015-03-03Central Library, BUET  2015-03-0329698 General BookCentral Library, BUET Circulation section660_284000000000000_COU_1965 660.284/COU/1965
 2015-03-03 62015-03-03Central Library, BUET  2015-03-0329690 General BookCentral Library, BUET Circulation section660_284000000000000_COU_1965 660.284/COU/1965
 2015-03-03 72015-03-03Central Library, BUET  2015-03-0329688 General BookCentral Library, BUET Cataloging to Circulation660_284000000000000_COU_1965 660.284/COU/1965
 2015-03-04 82015-03-04Central Library, BUET  2015-03-0434519 General BookCentral Library, BUET Circulation section660_284000000000000_COU_1965 660.284/COU/1965
 2015-05-11 92015-05-11Central Library, BUET  2015-05-1129694 General BookCentral Library, BUET Circulation section660_284000000000000_COU_1965 660.284/COU/1965
 2015-05-11 102015-05-11Central Library, BUET  2015-05-1129696 General BookCentral Library, BUET Circulation section660_284000000000000_COU_1965 660.284/COU/1965
 2015-05-13 112015-05-13Central Library, BUET  2015-05-1329695 General BookCentral Library, BUET Circulation section660_284000000000000_COU_1965 660.284/COU/1965
 2015-05-14 122015-05-14Central Library, BUET  2015-05-1417869 General BookCentral Library, BUET Circulation section660_284000000000000_COU_1965 660.284/COU/1965
 2015-05-18 132015-05-18Central Library, BUET  2015-05-1815822 General BookCentral Library, BUET Circulation section660_284000000000000_COU_1965 660.284/COU/1965
 2015-06-20 142015-06-20Central Library, BUET  2015-06-2029700 General BookCentral Library, BUET Reading section660_284000000000000_COU_1965 660.284/COU/1965
 2015-06-20 152015-06-20Central Library, BUET  2015-06-2029701 General BookCentral Library, BUET Reading section660_284000000000000_COU_1965 660.284/COU/1965
 2015-07-10 162015-07-10Central Library, BUET  2015-07-1016716 General BookCentral Library, BUET Circulation section660_284000000000000_COU_1965 660.284/COU/1965